Easternmost Pacific Ocean Island Countries - Statistics

General Stats
  • This quiz has been taken 34 times
  • The average score is 14 of 21
Answer Stats
Longitude Country % Correct
150°13′W Kiribati
93%
171°20′W Samoa
86%
173°43′W Tonga
86%
178°15′W Fiji
82%
172°09′E Marshall Islands
75%
166°57′E Nauru
75%
175°45′W New Zealand
75%
179°51′E Tuvalu
75%
170°10′E Solomon Islands
71%
170°13′E Vanuatu
71%
163°01′E F. S. Micronesia
68%
134°42′E Palau
61%
141°05′E Indonesia
57%
153°59′E Japan
57%
159°24′E Papua New Guinea
57%
127°19′E East Timor
50%
126°34′E Philippines
50%
104°24′E Singapore
50%
119°10′E Malaysia
46%
122°06′E Taiwan
46%
115°25′E Brunei
43%
No matching quizzes found
Score Distribution
Percent of People with Each Score
Percentile by Number Answered
Your Score History
You have not taken this quiz